Relevamiento del sistema de información actual de la sección de dietética del Hospital Nacional de Niños y proposición de mejoras al sistema
Պահպանված է:
| Հիմնական հեղինակ: | |
|---|---|
| Այլ հեղինակներ: | , |
| Ձևաչափ: | Գիրք |
| Հրապարակվել է: |
[San José , Costa Rica]
1973
|
| Խորագրեր: | |
| Ցուցիչներ: |
Ավելացրեք ցուցիչ
Չկան պիտակներ, Եղեք առաջինը, ով նշում է այս գրառումը!
|
MARC
| LEADER | 00000nam a2200000Ia 4500 | ||
|---|---|---|---|
| 003 | 007066 | ||
| 005 | 20221231144313.0 | ||
| 008 | 140114s1973 cr a m 000 ||s d | ||
| 040 | |c cru CEDI | ||
| 090 | |a TFG 2825 | ||
| 100 | |a Quesada Solano, Carlos ML |9 11941 | ||
| 245 | |a Relevamiento del sistema de información actual de la sección de dietética del Hospital Nacional de Niños y proposición de mejoras al sistema | ||
| 260 | |c 1973 |a [San José , Costa Rica] | ||
| 300 | |a vii, 172 hojas. | ||
| 500 | |a Tesis (licenciatura en ingeniería industrial)--Universidad de Costa Rica. Facultad de Ingeniería. Departamento de Ingeniería Industrial | ||
| 650 | |x Hospital Nacional de Niños Dr. Carlos Saenz Herrera (Costa Rica). Sección de Dietética |x SISTEMAS DE INFORMACION - EVALUACION |x SISTEMAS DE INFORMACION EN HOSPITALES |9 11944 | ||
| 700 | |9 11942 |a Díaz Poveda, Gustavo Adolfo | ||
| 700 | |9 11943 |a Jiménez Nichols, Luis Arturo | ||
| 942 | |c TFG | ||
| 999 | |c 19864 |d 19864 | ||
